Statistics for All UK Parliament Constituencies on a Map

Click here to take the quiz!

General Stats

  • This quiz has been taken 1,421 times
  • The average score is 270 of 650

Answers on the Map

Answers color-coded by a green-red scale on the quiz's map according to % correct below.
Loading ...
 

Answer Stats

RegionConstituency% Correct
ScotlandGlasgow North West
84%
ScotlandGlasgow East
84%
ScotlandEdinburgh North and Leith
84%
ScotlandEdinburgh South
84%
ScotlandEdinburgh South West
84%
ScotlandGlasgow Central
84%
ScotlandEdinburgh West
84%
ScotlandGlasgow North
84%
ScotlandGlasgow North East
84%
ScotlandGlasgow South
84%
ScotlandGlasgow South West
84%
ScotlandEdinburgh East
84%
Greater LondonCities of London and Westminster
82%
Yorkshire & the HumberYork Outer
81%
WalesCardiff Central
81%
WalesCardiff North
81%
WalesCardiff South and Penarth
81%
WalesCardiff West
81%
Yorkshire & the HumberYork Central
81%
North WestManchester, Withington
80%
North WestManchester, Gorton
80%
North WestManchester Central
80%
North WestLiverpool, Walton
79%
ScotlandAberdeen North
78%
ScotlandAberdeen South
78%
West MidlandsBirmingham, Selly Oak
78%
West MidlandsBirmingham, Perry Barr
78%
West MidlandsBirmingham, Northfield
78%
West MidlandsBirmingham, Ladywood
78%
West MidlandsBirmingham, Yardley
78%
West MidlandsBirmingham, Hall Green
78%
West MidlandsBirmingham, Erdington
78%
West MidlandsBirmingham, Edgbaston
78%
North WestLiverpool, West Derby
78%
North WestLiverpool, Wavertree
78%
North WestLiverpool, Riverside
78%
West MidlandsBirmingham, Hodge Hill
78%
North EastNewcastle upon Tyne Central
77%
West MidlandsNewcastle-under-Lyme
77%
North EastNewcastle upon Tyne East
77%
North EastNewcastle upon Tyne North
77%
Yorkshire & the HumberLeeds North East
76%
Yorkshire & the HumberLeeds East
76%
Yorkshire & the HumberLeeds North West
76%
Yorkshire & the HumberLeeds Central
76%
South EastOxford West and Abingdon
76%
Yorkshire & the HumberLeeds West
76%
South WestBristol South
75%
EasternCambridge
75%
South EastOxford East
75%
South WestBristol West
75%
South WestBristol East
75%
South WestBristol North West
75%
South WestNorth Cornwall
74%
Northern IrelandBelfast West
74%
Northern IrelandBelfast East
74%
South WestPlymouth, Sutton and Devonport
74%
Northern IrelandBelfast North
74%
Northern IrelandBelfast South
74%
ScotlandOrkney and Shetland
74%
South WestSouth East Cornwall
73%
Yorkshire & the HumberKingston upon Hull East
72%
West MidlandsKenilworth and Southam
72%
WalesSwansea East
72%
WalesSwansea West
72%
Yorkshire & the HumberKingston upon Hull West and Hessle
72%
Yorkshire & the HumberKingston upon Hull North
72%
South EastIsle of Wight
71%
South WestNorth Devon
71%
East MidlandsLeicester East
71%
EasternCentral Suffolk and North Ipswich
71%
South EastBrighton, Kemptown
71%
East MidlandsLeicester South
71%
East MidlandsLeicester West
71%
ScotlandInverness, Nairn, Badenoch and Strathsphey
70%
South WestSouth West Devon
70%
Yorkshire & the HumberSheffield, Brightside and Hillsborough
70%
South EastBrighton, Pavilion
70%
East MidlandsNottingham East
70%
Yorkshire & the HumberSheffield, Hallam
70%
Yorkshire & the HumberSheffield, Heeley
70%
East MidlandsNottingham North
70%
Yorkshire & the HumberSheffield South East
70%
East MidlandsNottingham South
70%
Yorkshire & the HumberSheffield Central
70%
South WestEast Devon
69%
South WestCentral Devon
69%
South WestTorridge and West Devon
69%
EasternNorth West Norfolk
68%
EasternNorth Norfolk
68%
South WestPlymouth, Moor View
68%
EasternNorwich South
68%
EasternNorwich North
68%
East MidlandsNorthampton North
67%
East MidlandsNorthampton South
67%
EasternSouth West Norfolk
67%
EasternSouth Norfolk
67%
South EastSouthampton, Test
66%
South EastSouthampton, Itchen
66%
South EastPortsmouth North
66%
South WestBath
66%
South EastPortsmouth South
66%
South EastRomsey and Southampton North
66%
EasternMid Norfolk
66%
ScotlandDundee West
65%
North WestBlackpool South
65%
ScotlandDundee East
65%
North WestBlackpool North and Cleveleys
65%
East MidlandsDerby North
64%
East MidlandsDerby South
64%
South WestGloucester
64%
East MidlandsLincoln
64%
West MidlandsWorcester
63%
EasternSuffolk Coastal
63%
EasternWest Suffolk
63%
South EastDover
63%
EasternSouth Suffolk
63%
Northern IrelandEast Londonderry
63%
South WestMid Dorset and North Poole
63%
EasternHarwich and North Essex
63%
North EastWashington and Sunderland West
63%
North EastSunderland Central
62%
South WestExeter
62%
Yorkshire & the HumberBradford East
62%
North EastHoughton and Sunderland South
62%
Yorkshire & the HumberBradford South
62%
Yorkshire & the HumberBradford West
62%
South WestBridgwater and West Somerset
62%
South WestNorth Somerset
62%
North WestCity of Chester
62%
West MidlandsCoventry North West
61%
South EastFaversham and Mid Kent
61%
West MidlandsCoventry North East
61%
South WestNorth East Somerset
61%
West MidlandsCoventry South
61%
North EastNorth West Durham
60%
West MidlandsStoke-on-Trent Central
60%
West MidlandsStoke-on-Trent North
60%
North EastCity of Durham
60%
West MidlandsStoke-on-Trent South
60%
North EastNorth Durham
60%
EasternIpswich
60%
WalesNewport East
59%
Greater LondonWestminster North
59%
South EastMid Sussex
59%
Yorkshire & the HumberEast Yorkshire
59%
North WestLancaster and Fleetwood
59%
WalesNewport West
59%
West MidlandsHereford and South Herefordshire
58%
South EastReading East
58%
West MidlandsWarwick and Leamington
58%
South EastReading West
58%
West MidlandsWolverhampton South West
58%
West MidlandsWolverhampton South East
58%
West MidlandsWolverhampton North East
58%
North WestCarlisle
58%
South EastBuckingham
58%
South WestNorth Dorset
57%
South WestWest Dorset
57%
Greater LondonIslington North
57%
South WestBournemouth East
57%
South WestBournemouth West
57%
South WestSouth Dorset
57%
Greater LondonIslington South and Finsbury
56%
EasternBedford
56%
South EastSurrey Heath
55%
Greater LondonChelsea and Fulham
55%
South EastEast Surrey
55%
South EastSouth West Surrey
55%
ScotlandDumfries and Galloway
54%
West MidlandsStafford
54%
ScotlandRoss, Skye and Lochaber
54%
North EastMiddlesbrough
54%
Yorkshire & the HumberDoncaster Central
53%
ScotlandPerth and North Perthshire
53%
EasternLuton South
53%
EasternLuton North
53%
Yorkshire & the HumberDoncaster North
53%
South EastCanterbury
53%
North WestWyre and Preston North
53%
North WestPenrith and The Border
52%
WalesWrexham
52%
South EastNorth West Hampshire
51%
Greater LondonRichmond Park
51%
EasternPeterborough
51%
South EastEast Hampshire
51%
Yorkshire & the HumberRichmond (Yorks)
51%
North EastBerwick-upon-Tweed
51%
South EastNorth East Hampshire
51%
Greater LondonKensington
50%
ScotlandAyr, Carrick and Cumnock
50%
Greater LondonUxbridge and South Ruislip
50%
North WestBolton West
49%
ScotlandStirling
49%
South WestTruro and Falmouth
49%
EasternHertford and Strortford
49%
North WestBolton South East
49%
North WestBolton North East
49%
North WestPreston
49%
EasternBury St Edmunds
49%
South WestNorth Wiltshire
48%
ScotlandNorth East Fife
48%
EasternNorth West Cambridgeshire
48%
Greater LondonCroydon Central
48%
East MidlandsNorth East Derbyshire
48%
South WestSouth West Wiltshire
48%
South EastMilton Keynes North
48%
EasternSouth East Cambridgeshire
48%
EasternNorth East Cambridgeshire
48%
Greater LondonCroydon North
48%
Greater LondonCroydon South
48%
EasternSouth Cambridgeshire
48%
North WestBury North
48%
North WestBury South
48%
South EastMilton Keynes South
48%
South WestNorth Swindon
47%
EasternWatford
47%
Greater LondonKingston and Surbiton
47%
West MidlandsNorth Shropshire
47%
South WestSt Ives
47%
Yorkshire & the HumberGreat Grimsby
47%
East MidlandsDerbyshire Dales
47%
East MidlandsSouth Derbyshire
47%
South WestSouth Swindon
47%
East MidlandsMid Derbyshire
47%
ScotlandCaithness, Sutherland and Easter Ross
47%
South EastWinchester
46%
EasternColchester
46%
ScotlandLanark and Hamilton East
46%
North WestBlackburn
46%
East MidlandsRutland and Melton
46%
East MidlandsBoston and Skegness
46%
WalesCarmarthen West and South Pembrokeshire
46%
Greater LondonBrent Central
46%
Greater LondonBrent North
46%
ScotlandDunfermlime and West Fife
46%
ScotlandEast Lothian
46%
South EastHastings and Rye
46%
WalesVale of Glamorgan
45%
West MidlandsShrewsbury and Atcham
45%
South EastSlough
45%
North WestSalford and Eccles
45%
ScotlandNorth Ayrshire and Arran
45%
ScotlandPaisley and Renfrewshire North
45%
West MidlandsSouth Staffordshire
45%
ScotlandPaisley and Renfrewshire South
45%
South EastMaidenhead
44%
West MidlandsMid Worcestershire
44%
EasternRochford and Southend East
44%
North EastDarlington
44%
West MidlandsWest Worcestershire
44%
ScotlandArgyll and Bute
44%
North WestBarrow and Furness
44%
WalesPreseli Pembrokeshire
44%
West MidlandsStaffordshire Moorlands
44%
South EastMaidstone and The Weald
43%
EasternSouthend West
43%
EasternMid Bedfordshire
43%
ScotlandLinlithgow and East Falkirk
43%
ScotlandWest Dunbartonshire
43%
EasternSouth West Bedfordshire
43%
ScotlandNa h-Eileanan an Iar
43%
Northern IrelandSouth Down
43%
EasternNorth East Bedfordshire
43%
ScotlandMoray
43%
ScotlandEast Dunbartonshire
43%
South WestPoole
43%
South EastHove
43%
Yorkshire & the HumberScarborough and Whitby
43%
North WestWigan
43%
Yorkshire & the HumberBarnsley Central
42%
Greater LondonWest Ham
42%
East MidlandsNorth West Leicestershire
42%
EasternSouth West Hertfordshire
42%
South WestCheltenham
42%
Greater LondonGreenwich and Woolwich
42%
ScotlandWest Aberdeenshire and Kincardine
42%
North WestWest Lancashire
42%
North WestOldham East and Saddleworth
42%
Yorkshire & the HumberBarnsley East
42%
North WestOldham West and Royton
42%
South WestSalisbury
42%
Northern IrelandNorth Down
42%
Greater LondonSutton and Cheam
42%
EasternNorth East Hertfordshire
42%
Greater LondonDagenham and Rainham
42%
West MidlandsNorth Warwickshire
42%
South WestWeston-Super-Mare
41%
West MidlandsSutton Coldfield
41%
West MidlandsNorth Herefordshire
41%
Greater LondonWimbledon
41%
North EastMiddlesbrough South and East Cleveland
41%
West MidlandsWest Bromwich West
41%
East MidlandsSouth Northamptonshire
41%
Northern IrelandNewry and Armagh
41%
West MidlandsWest Bromwich East
41%
North WestBurnley
41%
ScotlandAngus
41%
East MidlandsSouth Leicestershire
41%
Northern IrelandNorth Antrim
41%
Northern IrelandFermanagh and South Tyrone
41%
Northern IrelandEast Antrim
41%
Northern IrelandSouth Antrim
41%
ScotlandFalkirk
41%
Yorkshire & the HumberHuddersfield
40%
West MidlandsTelford
40%
North EastHartlepool
40%
Yorkshire & the HumberRotherham
40%
EasternSt Albans
40%
South EastWindsor
40%
ScotlandRutherglen and Hamilton West
39%
West MidlandsStratford-on-Avon
39%
WalesCeredigion
39%
North WestWarrington North
39%
Greater LondonTottenham
39%
North WestWarrington South
39%
EasternSouth Basildon and East Thurrock
39%
EasternGreat Yarmouth
39%
North WestSouthport
39%
ScotlandCentral Ayrshire
38%
Greater LondonHackney North and Stoke Newington
38%
West MidlandsWalsall South
38%
West MidlandsWalsall North
38%
South EastEastbourne
38%
Greater LondonHackney South and Shoreditch
38%
ScotlandMidlothian
38%
South WestYeovil
38%
South EastTunbridge Wells
38%
EasternBasildon and Billericay
38%
Greater LondonFinchley and Golders Green
37%
North WestWirral South
37%
North WestWirral West
37%
Northern IrelandWest Tyrone
37%
Yorkshire & the HumberScunthorpe
37%
EasternChelmsford
37%
North EastSouth Shields
37%
Yorkshire & the HumberHalifax
37%
Greater LondonEaling Central and Acton
37%
South EastChichester
37%
ScotlandEast Renfrewshire
37%
Greater LondonHarrow East
37%
Greater LondonHarrow West
37%
West MidlandsRugby
36%
Greater LondonEast Ham
36%
East MidlandsChesterfield
36%
East MidlandsLoughborough
36%
Greater LondonEnfield, Southgate
36%
North EastRedcar
35%
West MidlandsDudley North
35%
North WestBirkenhead
35%
North WestWorkington
35%
North WestWestmorland and Lonsdale
35%
North WestStockport
35%
ScotlandInverclyde
35%
ScotlandGordon
35%
West MidlandsDudley South
35%
Greater LondonEaling, Southall
35%
South EastWoking
35%
WalesMonmouth
35%
Yorkshire & the HumberHarrogate and Knaresborough
34%
North WestSt Helens South and Whiston
34%
North WestSt Helens North
34%
South EastWitney
34%
North WestMacclesfield
34%
ScotlandBerwickshire, Roxburgh and Selkirk
34%
East MidlandsMansfield
34%
South EastEast Worthing and Shoreham
34%
Greater LondonEaling North
34%
ScotlandKirkcaldy and Cowdenbeath
34%
West MidlandsSolihull
34%
WalesBrecon and Radnorshire
34%
South WestSt Austell and Newquay
33%
ScotlandMotherwell and Wishaw
33%
Northern IrelandMid Ulster
33%
South WestTaunton Deane
33%
South EastAldershot
33%
Greater LondonPutney
33%
South EastGuildford
33%
Greater LondonLewisham, Deptford
33%
Greater LondonChipping Barnet
33%
Greater LondonBermondsey and Old Southwark
33%
North WestRochdale
33%
South EastRochester and Strood
33%
East MidlandsKettering
33%
Greater LondonEnfield North
33%
South EastNew Forest West
33%
South EastNew Forest East
33%
North EastBlyth Valley
33%
West MidlandsNuneaton
32%
WalesVale of Clwyd
32%
WalesClwyd South
32%
South EastNorth Thanet
32%
South EastCrawley
32%
Greater LondonLewisham East
32%
North EastStockton North
32%
North EastStockton South
32%
Greater LondonLewisham West and Penge
32%
South WestWorthing West
32%
WalesClwyd West
32%
South WestWycombe
32%
Greater LondonRuislip, Northwood and Pinner
32%
Yorkshire & the HumberWakefield
32%
Greater LondonHolborn and St Pancras
32%
West MidlandsBurton
32%
East MidlandsGrantham and Stamford
32%
East MidlandsBolsover
32%
North EastGateshead
32%
Yorkshire & the HumberSkipton and Ripon
32%
North WestCrewe and Nantwich
32%
South EastSouth Thanet
32%
South EastGillingham and Rainham
31%
Greater LondonTwickenham
31%
Greater LondonVauxhall
31%
ScotlandBanff and Buchan
31%
South EastDartford
31%
WalesYnys Môn
31%
South EastAshford
31%
ScotlandOchil and South Perthshire
31%
Greater LondonBromley and Chislehurst
31%
North WestAltrincham and Sale West
31%
WalesCarmarthen East and Dinefwr
30%
Greater LondonIlford South
30%
South WestThe Cotswolds
30%
WalesBridgend
30%
EasternStevenage
30%
Greater LondonHammersmith
30%
North EastSedgefield
30%
South EastBasingstoke
30%
Greater LondonBarking
30%
North EastHexham
30%
North WestMorecambe and Lunesdale
30%
ScotlandDumfriesshire, Glydesdale and Tweeddale
29%
South EastFolkestone and Hythe
29%
North WestChorley
29%
Greater LondonBattersea
29%
ScotlandKilmarnock and Loudoun
29%
North WestCopeland
29%
EasternClacton
29%
Yorkshire & the HumberDon Valley
29%
ScotlandLivingston
29%
South WestNewton Abbot
28%
South WestTorbay
28%
South WestWells
28%
WalesNeath
28%
EasternHuntingdon
28%
South WestChristchurch
28%
Greater LondonBrentford and Isleworth
28%
East MidlandsHigh Peak
28%
Greater LondonRomford
27%
West MidlandsBromsgrove
27%
WalesRhondda
27%
North EastBishop Auckland
27%
WalesLlanelli
27%
EasternHarlow
27%
West MidlandsRedditch
27%
Greater LondonIlford North
27%
South EastBanbury
27%
West MidlandsLichfield
27%
North WestSouth Ribble
27%
North WestAshton-Under-Lyne
27%
Greater LondonOld Bexley and Sidcup
27%
East MidlandsCorby
27%
West MidlandsStone
27%
North EastJarrow
27%
North WestWythenshawe and Sale East
27%
North EastNorth Tyneside
27%
South WestStroud
27%
Northern IrelandFoyle
27%
South EastGosport
26%
South EastBognor Regis and Littlehampton
26%
Greater LondonOrpington
26%
Yorkshire & the HumberNormanton, Pontefract and Castleford
26%
Greater LondonTooting
26%
North WestLeigh
26%
South EastAylesbury
26%
WalesMontgomeryshire
26%
South EastHenley
26%
ScotlandAirdrie and Shotts
26%
South EastEastleigh
26%
East MidlandsDaventry
25%
ScotlandGlenrothes
25%
EasternHemel Hempstead
25%
South EastHavant
25%
Greater LondonCarshalton and Wallington
25%
WalesGower
25%
Yorkshire & the HumberBrigg and Goole
25%
WalesMerthyr Tydfil and Rhymney
25%
East MidlandsWellingborough
25%
South EastWokingham
25%
South EastLewes
25%
South EastNewbury
25%
East MidlandsAshfield
25%
East MidlandsSouth Holland and the Deepings
25%
ScotlandCumbernauld, Kilsyth and Kirkintilloch East
24%
South WestForest of Dean
24%
North WestWorsley and Eccles South
24%
West MidlandsTamworth
24%
West MidlandsWyre Forest
24%
WalesAberavon
24%
ScotlandEast Kilbride, Strathaven and Lesmahagow
24%
South EastTonbridge and Malling
24%
East MidlandsSherwood
24%
WalesBlaneau Gwent
24%
South EastSevenoaks
24%
South WestCamborne and Redruth
24%
Greater LondonCamberwell and Peckham
24%
East MidlandsRushcliffe
24%
ScotlandCoatbridge, Chryston and Bellshill
24%
Greater LondonHendon
24%
Yorkshire & the HumberBeverley and Holderness
24%
EasternWelwyn Hatfield
24%
EasternBraintree
23%
West MidlandsLudlow
23%
North WestStalybridge and Hyde
23%
Greater LondonHampstead and Kilburn
23%
Northern IrelandStrangford
23%
WalesCaerphilly
23%
Greater LondonHayes and Harlington
23%
East MidlandsNewark
23%
Yorkshire & the HumberMorley and Outwood
23%
Greater LondonChingford and Woodford Green
23%
South EastHorsham
23%
East MidlandsAmber Valley
23%
Yorkshire & the HumberKeighley
23%
South EastBexhill and Battle
23%
North WestBootle
23%
Greater LondonHornchurch and Upminster
23%
EasternBrentwood and Ongar
23%
North WestFylde
23%
Yorkshire & the HumberSelby and Ainsty
23%
East MidlandsBroxtowe
23%
Greater LondonBethnal Green and Bow
23%
Yorkshire & the HumberThirsk and Malton
23%
South EastBeaconsfield
23%
Yorkshire & the HumberRother Valley
23%
Yorkshire & the HumberColne Valley
23%
Yorkshire & the HumberDewsbury
22%
South WestTotnes
22%
Yorkshire & the HumberPudsey
22%
South EastSittingbourne and Sheppey
22%
South EastArundel and South Downs
22%
South WestChippenham
22%
WalesAberconwy
22%
Yorkshire & the HumberCalder Valley
22%
WalesAlyn and Deeside
22%
South EastChesham and Amersham
22%
WalesTorfaen
22%
Greater LondonDulwich and West Norwood
22%
Greater LondonWalthamstow
22%
South EastFareham
22%
West MidlandsStourbridge
22%
South WestKingswood
22%
South EastEsher and Walton
22%
North WestEllesmere Port and Neston
22%
East MidlandsLouth and Horncastle
22%
South EastBracknell
22%
EasternThurrock
22%
West MidlandsHalesowen and Rowley Regis
21%
Yorkshire & the HumberBatley and Spen
21%
North WestWallasey
21%
WalesArfon
21%
North WestRossendale and Darwen
21%
Greater LondonStreatham
21%
East MidlandsGainsborough
21%
WalesPontypridd
21%
North EastTynemouth
21%
WalesDelyn
21%
Yorkshire & the HumberPenistone and Stocksbridge
21%
Northern IrelandUpper Bann
21%
EasternEpping Forest
21%
Yorkshire & the HumberCleethorpes
21%
Greater LondonLeyton and Wanstead
21%
North WestPendle
21%
West MidlandsMeriden
20%
EasternBroadland
20%
Northern IrelandLagan Valley
20%
North WestSefton Central
20%
West MidlandsThe Wrekin
20%
South WestTewkesbury
20%
North WestKnowsley
20%
North EastWansbeck
20%
EasternHitchin and Harpenden
20%
East MidlandsErewash
20%
EasternWaveney
20%
South EastChatham and Aylesford
20%
WalesDwyfor Meirionnydd
20%
South WestSomerton and Frome
20%
East MidlandsBassetlaw
20%
South EastWantage
19%
North WestTatton
19%
South WestDevizes
19%
South EastEpsom and Ewell
19%
West MidlandsCannock Chase
19%
South WestTiverton and Honiton
19%
North WestHeywood and Middleton
19%
North EastEasington
19%
Yorkshire & the HumberShipley
19%
North WestWeaver Vale
19%
North WestCheadle
19%
EasternCastle Point
19%
West MidlandsAldridge-Brownhills
19%
EasternMaldon
18%
EasternWitham
18%
East MidlandsGedling
18%
Yorkshire & the HumberHaltemprice and Howden
18%
WalesIslwyn
18%
Greater LondonHornsey and Wood Green
18%
Greater LondonMitcham and Morden
18%
North WestHyndburn
18%
EasternRayleigh and Wickford
18%
East MidlandsSleaford and North Hykeham
18%
South EastReigate
18%
North WestRibble Valley
18%
Greater LondonPoplar and Limehouse
18%
South WestThornbury and Yate
17%
North EastBlaydon
17%
EasternSaffron Walden
17%
WalesOgmore
17%
South EastMeon Valley
17%
WalesCynon Valley
17%
Greater LondonEdmonton
17%
North WestCongleton
17%
South EastMole Valley
17%
North WestStretford and Urmston
16%
EasternBroxbourne
16%
EasternHertsmere
16%
North WestHazel Grove
16%
Yorkshire & the HumberElmet and Rothwell
16%
East MidlandsBosworth
16%
North WestEddisbury
16%
North WestHalton
16%
East MidlandsHarborough
16%
North WestDenton and Reddish
15%
Greater LondonEltham
15%
East MidlandsCharnwood
15%
North WestMakerfield
15%
South EastGravesham
15%
Yorkshire & the HumberWentworth and Dearne
15%
South EastRunnymede and Weybridge
15%
South WestFilton and Bradley Stoke
15%
West MidlandsWarley
15%
Greater LondonErith and Thameshead
15%
South EastSpelthorne
14%
Greater LondonFeltham and Heston
14%
Greater LondonBexleyheath and Crayford
14%
North WestBlackley and Broughton
14%
Greater LondonBeckenham
14%
South EastWealden
14%
Yorkshire & the HumberHemsworth
14%
North WestGarston and Halewood
13%

Score Distribution

Percentile by Number Answered

Percent of People with Each Score

Your Score History

You have not taken this quiz